O silêncio dos inocentes (Registo nº 201863)

Detalhes MARC
000 -Etiqueta do registo
Valores 00506nam 22001813 4500
021 ## - Número do Depósito Legal
Número 57225/92
100 ## - Dados gerais de processamento
Dados gerais 20260420d u||y0pory50 ba
200 ## - Titulo e menção de responsabilidade
Título próprio O silêncio dos inocentes
Primeira menção de responsabilidade Thomas Harris
210 ## - Publicação
Local de publicação Lisboa
Nome do editor Editorial Notícias
Data de publicação 1992
215 ## - Descrição física 
Paginação / Volumes 375 p.
Outras indicações físicas brochado
Dimensões 21 cm
606 ## - Nome comum usado como assunto
ID Autoridade 16
Palavra de ordem Literatura Americana
675 ## - CDU
Notação 821.111(73)-3
Edição PT
Língua por
700 ## - Autor principal (pessoa individual)
ID Autoridade 5367
Apelido Harris
Nome Thomas
Datas 1940-
801 ## - Fonte de origem
País PT
Agência BMMN
Regras de catalogação RPC
830 ## - Notas gerais do catalogador
Criado por Fernando
Indexado por Fernando
990 ## - Elementos KOHA
Tipo de documento Livro
Exemplares
Situação do levantamento Biblioteca de origem Código de barras Cota Permissão de empréstimo Tipo de documento Forma de aquisição
  Biblioteca Municipal de Montemor-o-Novo 31249 821.111(73)-3 HAR|DEP   Livro Oferta

Powered by Koha